| 000 | 00431nam a2200193Ia 4500 | ||
|---|---|---|---|
| 005 | 20250603145831.0 | ||
| 008 | 250603s9999 xx 000 0 und d | ||
| 020 | _a9780072504309 | ||
| 050 | _aPN 4121 .L72/ | ||
| 100 | _aLucas, Stephen | ||
| 245 | 4 | _aThe art of public speaking | |
| 250 | _a7th ed. | ||
| 260 | _aBoston | ||
| 260 | _b McGraw Hill | ||
| 260 | _c2001 | ||
| 300 | _a17 p | ||
| 650 | _aBoston | ||
| 942 | _cBK | ||
| 999 |
_c42995 _d42995 |
||